Pre-school learning in the community : strategies for change /

Saved in:
Bibliographic Details
Main Author: Poulton, G. A.
Other Authors: James, Terry E. (joint author.)
Format: Book
Language:English
Published: London ; Boston : Routledge & K. Paul, 1975.
Subjects:
LEADER 01096nam a2200277 i 4500
001 c000136358
003 CARM
005 00000000000000.0
008 760223s1975 enk b 00110 eng
015 |a GB*** 
019 1 |a 187695  |z 23889450  |z 21834194  |z 54041153  |z 57412252  |5 LACONCORD2021 
020 |a 0710082452 :  |c L.3.95.  |a 0710082460  |b pbk. 
035 |a (OCoLC)2931561  |5 LACONCORD2021 
050 0 0 |a LB1140.2  |b .P66 1975 
082 0 0 |a 372.21 
100 1 |a Poulton, G. A. 
245 1 0 |a Pre-school learning in the community :  |b strategies for change /  |c G. A. Poulton and Terry James. 
260 |a London ;  |a Boston :  |b Routledge & K. Paul,  |c 1975. 
300 |a x, 129 p. ;  |c 23 cm. 
504 |a Includes bibliographical references and index. 
650 0 |a Education, Preschool. 
650 0 |a Community and school. 
700 1 |a James, Terry E.,  |e joint author. 
852 8 |b CARM  |h A2:AH38B0  |i B03770  |p 0181707  |f BK 
999 f f |i 6227630c-ec53-5ec2-9134-eba0cc322242  |s 27bcdae9-c01f-5aca-9826-348d6753e8fd 
952 f f |p Can circulate  |a CAVAL  |b CAVAL  |c CAVAL  |d CARM 1 Store  |e B03770  |f A2:AH38B0  |h Other scheme  |i book  |m 0181707